AFL Gold Coast Suns Player Numbers - Statistics

General Stats
  • This quiz has been taken 6 times
  • The average score is 24 of 44
Answer Stats
Hint Answer % Correct
Mac Andrew 1
100%
John Noble 2
83%
Touk Miller 11
67%
Sam Collins 25
67%
Christian Petracca 3
67%
Jed Walter 4
67%
Alex Davies 5
67%
Jamarra Ugle-Hagan 9
67%
Charlie Ballard 10
50%
Elliot Himmelberg 12
50%
Lachie Weller 14
50%
Noah Anderson 15
50%
Joel Jeffrey 16
50%
Daniel Rioli 17
50%
Matt Rowell 18
50%
Bailey Humphrey 19
50%
Ethan Read 20
50%
Ben Long 22
50%
Ned Moyle 23
50%
Will Graham 26
50%
Wil Powell 27
50%
Jarrod Witts 28
50%
Jake Rogers 29
50%
Dylan Patterson 30
50%
Cooper Bell 31
50%
Zeke Uwland 32
50%
Sam Clohesy 33
50%
Ben King 34
50%
Jai Murray 35
50%
Zak Evans 36
50%
Max Knobel 37
50%
Beau Addinsall 38
50%
Lachlan Gublin 39
50%
Avery Thomas 41
50%
Asher Eastham 42
50%
Koby Coulson 43
50%
Ben Jepson 44
50%
Caleb Lewis 45
50%
Caleb Graham 46
50%
Oscar Adams 48
50%
Jy Farrar 50
50%
Bodhi Uwland 6
50%
Nick Holman 7
50%
Leonardo Lombard 8
50%
No matching quizzes found
Score Distribution
Percent of People with Each Score
Percentile by Number Answered
Your Score History
You have not taken this quiz